000
00288nam a2200109Ia 4500
001
1268526
005
20260417145252.0
008
260417s9999 xx 000 0 und d
020
_a
9786258486650
245
0
_a
Ağustos Ve Kayıp Gülümsemesi
_c
Catherine Rayner
260
_b
Ketebe Çocuk
999
_c
1268526
_d
1268526